| 000 | 00487 a2200169 4500 | ||
|---|---|---|---|
| 003 | OSt | ||
| 005 | 20260326100504.0 | ||
| 008 | 231229b |||||||| |||| 00| 0 eng d | ||
| 020 | _a9788126423453 | ||
| 040 | _coclc | ||
| 082 |
_a833.912 _bZWE/A |
||
| 100 | 1 |
_aZweig, Stefan, _d1881-1942 _910245 |
|
| 245 |
_aAJNATHAKAMUKIYUDE AVASANATHE KATHU / _cStefan Zweig |
||
| 260 |
_bDC Books, _c2013. |
||
| 300 | _a74p | ||
| 942 |
_2ddc _cBK _iZWE/A _mZWE/A _h833.912 _k833.912 |
||
| 999 |
_c42513 _d42513 |
||